Trendy v podnikání 2018 recenzovaný sborník příspěvku z mezinárodní vědecké konference, 15. – 16. listopad 2018, Plzeň, Česko

Salvato in:
Dettagli Bibliografici
Enti autori: Trendy v podnikání 2018. Mezinárodní vědecká konference, Západočeská univerzita v Plzni. Fakulta ekonomická
Altri autori: Edl, Milan, Dokoupil, Jaroslav
Natura: Libro
Lingua:ceco
inglese
Pubblicazione: Plzeň Západočeská univerzita v Plzni 2018
Edizione:1. vydání
Soggetti:
Tags: Aggiungi Tag
Nessun Tag, puoi essere il primo ad aggiungerne!!

MARC

LEADER 00000nlm a2200000 4500
001 0249021
005 20250822113004.7
020 |a 978-80-261-0833-7 
041 0 |a cze 
041 0 |a eng 
044 |a CZ 
245 1 0 |a Trendy v podnikání 2018  |b recenzovaný sborník příspěvku z mezinárodní vědecké konference, 15. – 16. listopad 2018, Plzeň, Česko  |c Vědecký výbor: Milan Edl, Jaroslav Dokoupil ...[et al.] 
250 |a 1. vydání 
264 1 |a Plzeň  |b Západočeská univerzita v Plzni  |c 2018 
300 |a CD-ROM [250 s.] 
610 2 0 |a podnikanie 
610 2 0 |a vývoj 
610 2 0 |a riadenie finančné 
610 2 0 |a teória a prax 
610 2 0 |a marketing 
610 2 0 |a manažment 
610 2 0 |a rozhodovanie investičné 
610 2 0 |a rozhodovanie podnikové 
610 2 0 |a metódy kvantitatívne 
610 2 0 |a geografia hospodárska 
610 2 0 |a rozvoj regionálny 
610 2 0 |a diskusia 
700 1 |a Edl, Milan 
700 1 |a Dokoupil, Jaroslav 
110 2 |a Trendy v podnikání 2018. Mezinárodní vědecká konference 
710 2 |a Západočeská univerzita v Plzni. Fakulta ekonomická